Statistics for Countries Surrounding Rome

Click here to take the quiz!

General Stats

  • This quiz has been taken 41,528 times
  • The average score is 15 of 17

Answer Stats

BearingCountry% Correct
259°–297°, 298°–317°France
98%
250°–259°Spain
96%
108°–124°Greece
94%
317°–344°Switzerland
94%
0°–7°, 344°–357°Austria
92%
10°–81°Croatia
91%
212°–244°Algeria
89%
124°–130°Egypt
89%
185°–212°Tunisia
89%
7°–10°Slovenia
88%
130°–164°, 166°–185°Libya
87%
164°–166°Malta
87%
244°–250°Morocco
87%
88°–108°Albania
85%
297°–298°Monaco
83%
357°–0°San Marino
83%
81°–88°Montenegro
79%

Score Distribution

Percentile by Number Answered

Percent of People with Each Score

Your Score History

You have not taken this quiz